International Taco Bell Locations - Statistics

General Stats
  • This quiz has been taken 15 times
  • The average score is 5 of 16
Answer Stats
Picture Answer % Correct
India (Bangalore)
100%
China (Shanghai)
70%
Japan (Tokyo)
60%
Kuwait (Kuwait City)
40%
Indonesia (Jakarta)
30%
Romania (Bucharest)
30%
Australia (Sydney)
20%
Brazil (São Paulo)
20%
Costa Rica (San José)
20%
Dominican Republic (Santo Domingo)
20%
Finland (Vantaa)
20%
New Zealand (Auckland)
20%
Sri Lanka (Colombo)
20%
Malaysia (Shah Alam)
10%
Portugal (Vila Nova de Gaia)
10%
South Korea (Seoul)
10%
No matching quizzes found
Score Distribution
Percent of People with Each Score
Percentile by Number Answered
Your Score History
You have not taken this quiz